Städte mit ICE-Halt - Sudden Death - Statistiken

Allgemein
  • Dieses Quiz wurde 677 mal gespielt
  • Das Durchschnittsergebnis liegt bei 5 aus 30
Answers on the Grid
Answers color-coded by a green-red scale on the quiz's grid according to % correct below.
Braunschweig
Chemnitz
Ingolstadt
Aachen
Neuss
Oberhausen
Remscheid
Minden
Offenbach
Wiesbaden
Paris
Bratislava
Bern
Linz
Strasbourg
Villingen-Schwenningen
Aschaffenburg
Bamberg
Weimar
Stendal
Cottbus
Utrecht
Rotterdam
Brussel
Luxemburg
Koblenz
Baden-Baden
Heilbronn
Kaiserslautern
Eisenach
Landshut
Passau
Warszawa
Saarbrücken
Mulhouse
Milano
Halle
Salzgitter
Kiel
Stralsund
Frankfurt (Oder)
Bielefeld
Lünen
Siegburg
Ludwigshafen
Ulm
Verona
Salzburg
Starnberg
Memmingen
Regensburg
Hof
Crailsheim
Neustadt (Weinstraße)
Osnabrück
Cloppenburg
Wilhelmshaven
Sylt
Praha
Böblingen
Antwerpen
Lille
Zürich
 
Antwortstatistiken
Antwort % Korrekt
Braunschweig
61%
Aachen
48%
Paris
40%
Ingolstadt
37%
Wiesbaden
29%
Kiel
20%
Oberhausen
20%
Ulm
20%
Bielefeld
18%
Koblenz
17%
Aschaffenburg
16%
Baden-Baden
16%
Halle
16%
Regensburg
16%
Zürich
16%
Saarbrücken
15%
Brussel
14%
Osnabrück
14%
Passau
14%
Bamberg
13%
Strasbourg
13%
Linz
11%
Kaiserslautern
10%
Stralsund
10%
Eisenach
9%
Salzburg
9%
Siegburg
8%
Stendal
6%
Utrecht
5%
Neustadt (Weinstraße)
2%
Keine übereinstimmenden Quizze gefunden
Verteilung der Resultate
Anzahl Personen mit jedem Resultat
Perzentil nach korrekt beantworteten Fragen
Ihre Resultats-Entwicklung
Sie haben dieses Quiz noch nicht gespielt